Anglicko-český slovníček výrazů z podnikového hospodářství, zvláště z podnikového početnictví
Gespeichert in:
| Format: | Buch |
|---|---|
| Sprache: | Tschechisch Englisch |
| Veröffentlicht: |
Praha
Ústřední svaz československého průmyslu
1949
|
| Tags: |
Keine Tags, Fügen Sie das erste Tag hinzu!
|
MARC
| LEADER | 00000nam a2200000 4500 | ||
|---|---|---|---|
| 001 | 0308400 | ||
| 005 | 20250502103955.3 | ||
| 041 | 0 | |a cze | |
| 041 | 0 | |a eng | |
| 044 | |a CZ | ||
| 245 | 1 | 0 | |a Anglicko-český slovníček výrazů z podnikového hospodářství, zvláště z podnikového početnictví |c Marie Stibicová |
| 264 | 1 | |a Praha |b Ústřední svaz československého průmyslu |c 1949 | |